| 000 | 00969nam a22002297a 4500 | ||
|---|---|---|---|
| 999 |
_c2962 _d2962 |
||
| 003 | AR-CdUCM | ||
| 008 | 190305b ||||| |||| 00| 0 spa d | ||
| 040 |
_aMUNICIPALIDAD PROVINCIAL DEL CUSCO _cBIBLIOTECA MUNICIPAL DEL CUSCO |
||
| 082 |
_a985.009 / _bR68 |
||
| 100 |
_aRivera Serna, Raúl _95644 |
||
| 245 | _aAgustín Gamarra / | ||
| 260 |
_aLima : _bVisión Peruana, _bMonterrico, _c1987. |
||
| 300 |
_a64 páginas ; _bilustraciones, _c21 cm. |
||
| 440 |
_aLos que hicieron el Perú, Biblioteca visión peruana _n16 _910146 |
||
| 500 | _aEsta publicación es un aporte de la revista Visión Peruana" - Cubierta posterior. | ||
| 505 | _aContenido: Gamarra y la invasión a Bolivia -- Gamarra y la guerra entre el Perú y la Gran Colombia -- Gamarra y el derrocamiento de La Mar -- Los sucesos del Sur -- Primer gobierno de Gamarra ... | ||
| 650 |
_aBiografía _922 |
||
| 650 |
_aHistoria _9136 |
||
| 650 |
_aPolítica _9291 |
||
| 942 |
_2ddc _cLIBROS |
||
| 945 | _aachl | ||